| Tag |
First Indicator |
Second Indicator |
Subfields |
| LEADER |
00000cjm a22000001a 4500 |
| 001 |
in00002467342 |
| 005 |
20151110041103.0 |
| 007 |
sd fsngnnmmned |
| 008 |
020422s2001 enkctn defi eng d |
| 010 |
|
|
|a 2002328737
|
| 019 |
|
|
|a 48503835
|
| 024 |
1 |
|
|a 034571172804
|
| 028 |
0 |
2 |
|a CDA67280
|b Hyperion
|
| 029 |
1 |
|
|a NZ1
|b 6658829
|
| 029 |
1 |
|
|a NZ1
|b 8043338
|
| 029 |
1 |
|
|a NZ1
|b 7559767
|
| 029 |
1 |
|
|a AU@
|b 000024232481
|
| 035 |
|
|
|a (OCoLC)ocm48497883
|
| 035 |
|
|
|a (OCoLC)48497883
|z (OCoLC)48503835
|
| 040 |
|
|
|a CIN
|c CIN
|d DLC
|d OCLCQ
|d OCLCG
|d UtOrBLW
|
| 041 |
0 |
|
|d eng
|e eng
|g eng
|
| 042 |
|
|
|a lcderive
|
| 049 |
|
|
|a TXAM
|
| 050 |
0 |
0 |
|a SDA
|b 52720
|
| 090 |
|
|
|a M1529.3.S85
|b G65 2001
|
| 100 |
1 |
|
|a Sullivan, Arthur,
|d 1842-1900.
|
| 245 |
1 |
4 |
|a The golden legend /
|c Sir Arthur Sullivan.
|
| 264 |
|
1 |
|a London :
|b Hyperion,
|c [2001]
|
| 264 |
|
4 |
|c ℗2001
|
| 300 |
|
|
|a 2 sound discs (95 min.) :
|b digital, stereo. ;
|c 4 3/4 in.
|
| 306 |
|
|
|a 013447
|
| 336 |
|
|
|a performed music
|b prm
|2 rdacontent
|
| 337 |
|
|
|a audio
|b s
|2 rdamedia
|
| 338 |
|
|
|a audio disc
|b sd
|2 rdacarrier
|
| 500 |
|
|
|a Cantata; text by Joseph Bennett, after the poem by Longfellow.
|
| 546 |
|
|
|a Sung in English.
|
| 511 |
0 |
|
|a Janice Watson, soprano ; Jean Rigby, mezzo-soprano ; Mark Wilde, Jonathan Brown, tenors ; Jeffrey Black, baritone ; The London Chorus ; The New London Orchestra ; Ronald Corp, conductor.
|
| 518 |
|
|
|a Recorded Feb, 15-17, 2001, All Saints Church, Tooting.
|
| 500 |
|
|
|a Compact discs.
|
| 500 |
|
|
|a Program notes and text in English in container.
|
| 500 |
|
|
|a Sound recording.
|
| 600 |
1 |
0 |
|a Longfellow, Henry Wadsworth,
|d 1807-1882
|v Musical settings.
|
| 650 |
|
0 |
|a Cantatas, Secular.
|
| 600 |
1 |
6 |
|a Longfellow, Henry Wadsworth,
|d 1807-1882
|x Mises en musique.
|
| 650 |
|
6 |
|a Cantates profanes.
|
| 700 |
1 |
|
|a Longfellow, Henry Wadsworth,
|d 1807-1882.
|
| 700 |
1 |
|
|a Bennett, Joseph,
|d 1831-1911.
|
| 700 |
1 |
|
|a Watson, Janice,
|d 1964-
|e performer.
|
| 700 |
1 |
|
|a Rigby, Jean,
|e performer.
|
| 700 |
1 |
|
|a Wilde, Mark,
|d 1960-
|e performer.
|
| 700 |
1 |
|
|a Black, Jeffrey,
|d 1962-
|e performer.
|
| 700 |
1 |
|
|a Brown, Jonathan
|c (Baritone),
|e performer.
|
| 700 |
1 |
|
|a Corp, Ronald,
|e conductor.
|
| 710 |
2 |
|
|a London Chorus,
|e performer.
|
| 710 |
2 |
|
|a New London Orchestra,
|e performer.
|
| 948 |
|
|
|a cataloged
|b h
|c 2009/1/16
|d c
|e bhartsfi
|f 8:39:37 am
|
| 994 |
|
|
|a C0
|b TXA
|
| 999 |
|
|
|a MARS
|
| 999 |
f |
f |
|s f9356343-3b02-3dd3-812d-d6b465fb531a
|i cb4d50d5-6dd5-3502-afb5-9b650d06d980
|t 0
|
| 952 |
f |
f |
|p ric
|a Texas A&M University
|b Rellis Campus
|c Joint Library Facility
|d Remote Storage
|t 0
|e M1529.3.S85 G65 2001
|h Library of Congress classification
|i audio -- audio disc
|m A14837531699
|
| 998 |
f |
f |
|a M1529.3.S85 G65 2001
|t 0
|l Remote Storage
|